Beszámoló júliusról a közigazgatási bizottság ülése
Elmentve itt :
| Dokumentumtípus: | Cikk |
|---|---|
| Megjelent: |
1913-08-17
|
| Sorozat: | Délmagyarország
4 No. 191 |
| Kulcsszavak: | Közigazgatás Szeged 1913 |
| Online Access: | http://dmarchiv.bibl.u-szeged.hu/42792 |
| LEADER | 00447nab a2200145 i 4500 | ||
|---|---|---|---|
| 001 | delm42792 | ||
| 005 | 20180928090453.0 | ||
| 008 | 180927s1913 hu o 0|| hun d | ||
| 040 | |a SZTE Délmagyarország Archívum |b hun | ||
| 041 | |a hun | ||
| 245 | 0 | 0 | |a Beszámoló júliusról |h [elektronikus dokumentum] : |b a közigazgatási bizottság ülése |
| 260 | |c 1913-08-17 | ||
| 300 | |a 2-3 | ||
| 490 | 0 | |a Délmagyarország |v 4 No. 191 | |
| 695 | |a Közigazgatás Szeged 1913 | ||